| 000 | 00477cam a2200181ua 4500 | ||
|---|---|---|---|
| 001 | 2386 | ||
| 008 | 110808n ii |||gr||||Z||||||asm | ||
| 040 | _cMAIN | ||
| 082 | _a327.11 | ||
| 100 | 1 |
_aGohain, Nabin, _eAuthor. |
|
| 245 |
_aAntahjratik samparka aru rajniti. _cBy Nabin Gohain |
||
| 250 | _a2nd. | ||
| 260 |
_aJorhat: _bUnika Prakashan, _c2005. |
||
| 300 |
_a452 p.: _c23 cm. |
||
| 653 | _aPolitical science. | ||
| 653 | _aAntarjatik samparka aru rajniti. | ||
| 942 | _cBK | ||
| 999 |
_c2243 _d2243 |
||